000
00296 a2200109 4500
001
ART_5844
005
20260410161618.0
008
260409a
245
1
0
_a
El fraude en las organizaciones
100
1
_a
Chalupowicz, Daniel
773
0
_t
Enfoques
_g
- NÂș 5 (may. 2007)
_w
REV416
999
_c
11240
_d
11240